Les départements traversés par le Rhône - Statistiques

Statistiques générales
  • Ce quiz a été pris 87 fois
  • Le résultat moyen est 10 sur 11
Statistiques - réponses
Réponse % Correct
Rhône
100%
Bouches-du-Rhône
96%
Drôme
96%
Ardèche
94%
Vaucluse
93%
Ain
91%
Isère
89%
Gard
81%
Savoie
80%
Loire
79%
Haute-Savoie
78%
Aucun quiz correspondant
Distribution des résultats
% des personnes avec chaque résultat
Percentile par nombre de réponses
Votre historique - résultats
Vous n’avez pas pris ce quiz